000 00576nam a2200229Ia 4500
003 OSt
005 20220928111744.0
006 a|||||r|||| 00| 0
007 ta
008 220927b |||||||| |||| 00| 0 eng d
024 _a47078
037 _cTextual
040 _aSDCL
_cSDCL
_beng
041 _2eng
_aeng
082 _aO152,1N071,15, L0
100 _aBachchan
245 0 _aBhasha apni bhaw parai.
260 _aDelhi
_bRaj Pal
_c1970
300 _a97p
_ccm.
942 _hO152,1N071,15, L0
_cTEXL
_2CC
999 _c741839
_d741839